| 000 | 00480pab a2200157 454500 | ||
|---|---|---|---|
| 008 | 180718b2006 xxu||||| |||| 00| 0 eng d | ||
| 100 | _aJaoul, Nicolas | ||
| 245 | _aLearning the use of symbolic means: dalits, ambedkar statues and the state in Uttar Pradesh | ||
| 260 | _c2006 | ||
| 300 | _ap.175-207. | ||
| 362 | _aMay-Aug | ||
| 650 | _aBackward classes - India - Uttar Pradesh | ||
| 650 | _aBackward classes | ||
| 773 | _aContributions to Indian Sociology | ||
| 909 | _a72067 | ||
| 999 |
_c72067 _d72067 |
||